A text book of astro physics / (Record no. 39167)

MARC details
000 -LEADER
fixed length control field 00711nam a22002177a 4500
005 - DATE AND TIME OF LATEST TRANSACTION
control field 20100804121527.0
010 ## - LCCN (DPL NO)
LC control number ENG-98167
020 ## - INTERNATIONAL STANDARD BOOK NUMBER
International Standard Book Number 9789350012154
Terms of availability 140.00
035 ## - SYSTEM CONTROL NUMBER
System control number EN-81700
037 ## - SOURCE OF ACQUISITION
Source of stock number/acquisition DBAD/PUB
082 ## - DEWEY DECIMAL CLASSIFICATION NUMBER
Classification number 530
100 ## - MAIN ENTRY--PERSONAL NAME
Personal name Gokulakannan, R.
245 ## - TITLE STATEMENT
Title A text book of astro physics /
Statement of responsibility, etc by R. Gokulakannan
260 ## - PUBLICATION, DISTRIBUTION, ETC. (IMPRINT)
Place of publication, distribution, etc Perambalur
Name of publisher, distributor, etc Mercury Printers & Publishers
Date of publication, distribution, etc 2009
270 ## - ADDRESS
City Perambalur
Postal code 621212
300 ## - PHYSICAL DESCRIPTION
Extent 251p.
Dimensions 20cm (pbk)
500 ## - GENERAL NOTE
General note Includes bibliographical references
650 ## - SUBJECT ADDED ENTRY--TOPICAL TERM
Topical term or geographic name as entry element Astro physics
942 ## - ADDED ENTRY ELEMENTS (KOHA)
Source of classification or shelving scheme Dewey Decimal Classification
Item type English Books
Classification part 530
Call number suffix GOK
Holdings
Withdrawn status Lost status Not for loan Collection code Home library Current library Date acquired Source of acquisition Cost, normal purchase price Full call number Barcode Copy number Cost, replacement price Koha item type
    Not For Loan Non-fiction D.B.Act.Division D.B.Act.Division 04/08/2010 DBAD/PUB 140.00 530 GOK EN-81700 1 140.00 English Books

© Delhi Public Library
Hit Counter
free hit counter